[Event "Aegean Open"]
[Site "Agios Kirykos GRE"]
[Date "2010.07.19"]
[Round "7"]
[White "Manakova,M"]
[Black "Tepelenis,N"]
[Result "1-0"]
[WhiteElo "2306"]
[BlackElo "2224"]

1.e4 e6 2.d4 d5 3.Nc3 Nf6 4.e5 Nfd7 5.f4 c5 6.Nf3 Nc6 7.Be3 a6 8.Qd2 cxd4
9.Nxd4 Bc5 10.O-O-O O-O 11.Be2 Bxd4 12.Bxd4 b5 13.Kb1 Qa5 14.Bf3 b4 15.Ne2 Nb6
16.Bxb6 Qxb6 17.h4 a5 18.h5 a4 19.Rh3 b3 20.cxb3 axb3 21.a3 Ra4 22.f5 exf5
23.Bxd5 Na5 24.Nd4 Rd8 25.Rc3 Bb7 26.Nxf5 Bxd5 27.Qxd5 Nb7 28.Nd6 Nxd6 29.exd6 Ra5
30.Qf3 h6 31.Rxb3 Qc5 32.d7 Qxh5 33.Qxh5 Rxh5 34.Re3  1-0

[Event "Open A"]
[Site "Oberwart AUT"]
[Date "2010.07.19"]
[Round "7"]
[White "Poetz,F"]
[Black "Heiny,J"]
[Result "0-1"]
[WhiteElo "2347"]
[BlackElo "2270"]

1.e4 e6 2.d4 d5 3.Nc3 Nf6 4.e5 Nfd7 5.f4 c5 6.Nce2 Nc6 7.c3 b5 8.Nf3 b4 9.g3 bxc3
10.bxc3 Qa5 11.Bd2 Nb6 12.Nc1 c4 13.Bg2 Ba3 14.Qc2 Rb8 15.Rb1 Qa4 16.Kd1 Bd7
17.Be3 O-O 18.Ne2 Na5 19.g4 Rb7 20.Bc1 Qxc2+ 21.Kxc2 Ba4+ 22.Kd2 Be7 23.Ne1 Rfb8
24.Nc2 Na8 25.Rxb7 Rxb7 26.Na3 Nc7 27.Rf1 Bb3 28.axb3 Nxb3+ 29.Kc2 Nxc1 30.Rxc1 Bxa3
31.Rb1 Rb6 32.Rxb6 axb6 33.f5 Be7 34.Nf4 Bg5 35.Nh3 Be3 36.Kd1 Nb5 37.Kc2 h6
38.Bf3 Kf8 39.Bd1 Ke7 40.Bf3 Kd7 41.Bd1 Kc6 42.Be2 Kc7 43.Bd1 Kb7 44.Be2 Ka6
45.fxe6 fxe6 46.g5 hxg5 47.Bg4 Nc7 48.Bd1 Ka5 49.Bg4 b5 50.Bd1 b4 51.Bg4 bxc3  0-1

[Event "2nd Open"]
[Site "Rethymno GRE"]
[Date "2010.07.19"]
[Round "8"]
[White "Svetushkin,D"]
[Black "Volkov,Sergey1"]
[Result "1/2-1/2"]
[WhiteElo "2560"]
[BlackElo "2597"]

1.e4 e6 2.d4 d5 3.Nc3 Nf6 4.e5 Nfd7 5.f4 c5 6.Nf3 Be7 7.Be3 Nc6 8.Qd2 O-O
9.Be2 b6 10.Nd1 a5 11.O-O Ba6 12.Bxa6 Rxa6 13.a4 Ra8 14.Nc3 cxd4 15.Nxd4 Nxd4
16.Bxd4 Bb4 17.Qe2 Bxc3 18.bxc3 Qe7 19.Qh5 f5 20.exf6 Nxf6 21.Qe5 Nd7 22.Qe3 Qd6
23.Rab1 Rac8  1/2-1/2

[Event "Open A"]
[Site "Oberwart AUT"]
[Date "2010.07.20"]
[Round "8"]
[White "Poetz,F"]
[Black "Schwarhofer,C"]
[Result "1-0"]
[WhiteElo "2347"]
[BlackElo "2236"]

1.e4 e6 2.d4 d5 3.Nc3 Nf6 4.e5 Nfd7 5.f4 c5 6.Nce2 Nc6 7.c3 b5 8.a3 Qb6 9.Nf3 a5
10.f5 exf5 11.Nf4 Ne7 12.dxc5 Qxc5 13.Qe2 Qc4 14.Qe3 Qe4 15.Bxb5 Ba6 16.Bxd7+ Kxd7
17.e6+ fxe6 18.Ne5+ Kc7 19.Nxe6+ Kc8 20.Nf7 Qxe3+ 21.Bxe3 Rg8 22.O-O-O Bc4
23.Bc5 Bb3 24.Rde1 d4 25.Nxf8 Rxf8 26.Ng5 Ng6 27.Bxf8 Nxf8 28.Re8+ Kb7 29.Rxa8 Kxa8
30.Re1 Kb7 31.Re8 Ng6 32.cxd4 h6 33.Ne6  1-0

[Event "6th WSCC U17"]
[Site "Kayseri TUR"]
[Date "2010.07.26"]
[Round "6"]
[White "Atabayev,M"]
[Black "Firat,B"]
[Result "0-1"]
[WhiteElo "2323"]
[BlackElo "2420"]

1.e4 e6 2.d4 d5 3.Nc3 Nf6 4.e5 Nfd7 5.Nf3 c5 6.dxc5 Nc6 7.Bf4 Bxc5 8.Bd3 f6
9.exf6 Qxf6 10.Bg5 Qf7 11.Bh4 Nde5 12.Nxe5 Nxe5 13.Bg5 Nc6 14.Bh4 Ne5 15.Bb5+ Nc6
16.O-O O-O 17.Bg3 Bd7 18.Ne2 e5 19.Kh1 Rae8 20.f4 e4 21.c3 Kh8 22.Bxc6 bxc6
23.b4 Bb6 24.Nd4 Qf6 25.Re1 Rc8 26.Qd2 c5 27.bxc5 Rxc5 28.Ne2 Ra5 29.Nd4 Bxd4
30.cxd4 Ra4 31.Bf2 Qxf4 32.Be3 Qf6 33.Re2 Qb6 34.Rf2 Rxf2 35.Qxf2 h6 36.Rf1 Kh7
37.Rd1 Bg4 38.Rc1 Qf6 39.Qb2 Qa6 40.Ra1 Ra3 41.Qf2 Qe2 42.Qxe2 Bxe2 43.Bc1 Rd3
44.Bb2 Bd1 45.Kg1 h5 46.Kf1 h4 47.Ke1 Bh5 48.Rc1 e3 49.Bc3 Kg6 50.a4 Kf5
51.a5 a6 52.g3 h3 53.Kf1 e2+ 54.Kf2 Rd1 55.g4+ Bxg4  0-1

[Event "ch-AUT w"]
[Site "Vienna AUT"]
[Date "2010.07.27"]
[Round "4"]
[White "Newrkla,K"]
[Black "Horvath,Maria AUT"]
[Result "1/2-1/2"]
[WhiteElo "2105"]
[BlackElo "2013"]

1.e4 e6 2.d4 d5 3.Nc3 Nf6 4.e5 Nfd7 5.f4 c5 6.Nf3 Nc6 7.Be3 a6 8.Qd2 b5 9.h4 b4
10.Nd1 h5 11.c3 a5 12.Bd3 Ba6 13.f5 bxc3 14.bxc3 cxd4 15.Bxd4 Nxd4 16.Nxd4 Bxd3
17.Qxd3 Nxe5 18.Qb5+ Qd7 19.fxe6 fxe6 20.Rb1 Qxb5 21.Rxb5 Nd3+ 22.Kd2 Nc5
23.Re1 Rh6 24.Rxc5 Bxc5 25.Nxe6 Rxe6 26.Rxe6+ Kd7 27.Re5 Kc6 28.Rxh5 Rf8
29.Rg5 Rf7 30.Kd3 Rf1 31.Ne3 Rf4 32.h5 d4 33.Rg6+ Kb5 34.c4+ Ka4 35.Nc2 Rf5
36.Rxg7 Rxh5 37.Nxd4 Ka3 38.Nb3 Bb4 39.Nc1 Kb2  1/2-1/2

[Event "Tch-POR 1st Div Final"]
[Site "Vila Nova de Gaia POR"]
[Date "2010.07.27"]
[Round "4.4"]
[White "Marques,R"]
[Black "Llanes Hurtado,M"]
[Result "1/2-1/2"]
[WhiteElo "2155"]
[BlackElo "2477"]

1.e4 e6 2.d4 d5 3.Nc3 Nf6 4.e5 Nfd7 5.Qg4 c5 6.dxc5 Nc6 7.Nf3 f5 8.exf6 Nxf6
9.Qh4 Bxc5 10.Bg5 O-O 11.Bd3 Qc7 12.O-O Nb4 13.Rad1 Nxd3 14.Rxd3 Bd7 15.Bf4 Bd6
16.Bxd6 Qxd6 17.Re1 Rae8 18.Ne5 Bc8 19.Nf3 Bd7 20.Ne5 Bc8 21.Nf3 Bd7  1/2-1/2

[Event "3rd Open"]
[Site "Paleochora GRE"]
[Date "2010.07.28"]
[Round "8"]
[White "Jerez Perez,A"]
[Black "Volkov,Sergey1"]
[Result "1-0"]
[WhiteElo "2415"]
[BlackElo "2597"]

1.e4 e6 2.d4 d5 3.Nc3 Nf6 4.e5 Nfd7 5.f4 c5 6.Nf3 Be7 7.Be3 O-O 8.Qd2 Nc6
9.dxc5 Qa5 10.O-O-O b6 11.Bb5 Bb7 12.Kb1 Kh8 13.Bxc6 Bxc6 14.Nd4 Rfc8 15.Nb3 Qa6
16.Qf2 Qb7 17.cxb6 axb6 18.Bd4 b5 19.Ne2 b4 20.Nec1 Ba4 21.Rd3 Bxb3 22.Rxb3 Nc5
23.Bxc5 Bxc5 24.Qe2 Bf8 25.h4 Rc4 26.g3 Rac8 27.Rh2 Qc7 28.Qf3  1-0

[Event "ch-AUT"]
[Site "Vienna AUT"]
[Date "2010.07.28"]
[Round "5"]
[White "Kleiser,G"]
[Black "Kindermann,S"]
[Result "0-1"]
[WhiteElo "2258"]
[BlackElo "2530"]

1.e4 e6 2.d4 d5 3.Nc3 Nf6 4.e5 Nfd7 5.f4 c5 6.Nf3 Nc6 7.Be3 cxd4 8.Nxd4 Bc5
9.Qd2 O-O 10.O-O-O a6 11.h4 Nxd4 12.Bxd4 b5 13.h5 b4 14.Ne2 a5 15.h6 g6 16.g4 Qc7
17.Kb1 Ba6 18.Bxc5 Nxc5 19.Nd4 Ne4 20.Qe3 Bxf1 21.Rhxf1 a4 22.Rc1 Rfc8 23.Ne2 a3
24.b3 Ra5 25.Rf3 Rc5 26.Qd3 g5 27.fxg5 Qxe5 28.c3 bxc3 29.Kc2 Qxg5 30.Rd1 Qd2+  0-1

[Event "Tch-POR 1st Div Final"]
[Site "Vila Nova de Gaia POR"]
[Date "2010.07.28"]
[Round "3"]
[White "Pereira,Rub"]
[Black "Tereick,B"]
[Result "1-0"]
[WhiteElo "2449"]
[BlackElo "2370"]

1.e4 e6 2.d4 d5 3.Nc3 Nf6 4.e5 Nfd7 5.f4 c5 6.Nf3 Nc6 7.Be3 cxd4 8.Nxd4 Bc5
9.Qd2 O-O 10.O-O-O a6 11.h4 Nxd4 12.Bxd4 b5 13.h5 b4 14.Na4 Bxd4 15.Qxd4 Qa5
16.b3 Bb7 17.f5 exf5 18.h6 Qd8 19.hxg7 Qg5+ 20.Kb1 Rfe8 21.Nb6 Nxb6 22.Qxb6 Bc8
23.Bd3 Qxg7 24.g4 Qxe5 25.gxf5 f6 26.Qg1+  1-0

[Event "ch-AUT"]
[Site "Vienna AUT"]
[Date "2010.07.30"]
[Round "7"]
[White "Kleiser,G"]
[Black "Sadilek,P"]
[Result "0-1"]
[WhiteElo "2258"]
[BlackElo "2213"]

1.e4 e6 2.d4 d5 3.Nc3 Nf6 4.e5 Nfd7 5.f4 c5 6.Nf3 Nc6 7.Be3 Qb6 8.Na4 Qa5+
9.c3 b6 10.Bd2 c4 11.b4 Nxb4 12.cxb4 Bxb4 13.Qc2 Bxd2+ 14.Nxd2 b5 15.Nc3 b4
16.Qa4 Qb6 17.Nb5 O-O 18.Nf3 f6 19.Nd6 fxe5 20.Nxc8 Raxc8 21.Qxd7 Rc7 22.Qa4 e4
23.Nd2 Qxd4 24.O-O-O b3 25.Kb1 Rb8 26.axb3 e3 27.b4 Rcb7 28.Kc1 Rxb4 29.Qa2 Qc3+
30.Qc2 exd2+ 31.Rxd2 Rb1+  0-1

[Event "ch-AUT w"]
[Site "Vienna AUT"]
[Date "2010.07.30"]
[Round "7"]
[White "Newrkla,K"]
[Black "Bauer,Mari"]
[Result "1-0"]
[WhiteElo "2105"]
[BlackElo "1854"]

1.e4 e6 2.d4 d5 3.Nc3 Nf6 4.e5 Nfd7 5.f4 c5 6.Nf3 Nc6 7.Be3 Be7 8.Qd2 O-O
9.Be2 a6 10.O-O b5 11.Nd1 b4 12.c3 a5 13.Nf2 cxd4 14.cxd4 Qb6 15.Bd3 Ba6
16.Rac1 Rac8 17.Nh3 Bxd3 18.Qxd3 g6 19.Nhg5 Na7 20.Qe2 Bxg5 21.fxg5 Rc6 22.h3 Rxc1
23.Rxc1 Rc8 24.Rf1 Rc7 25.Nh2 Nc6 26.Qf2 Nd8 27.Ng4 f5 28.gxf6 Nf7 29.Nh6+ Kf8
30.Qh4 Ndxe5 31.Nxf7 Rxf7 32.Qh6+ Ke8 33.dxe5 d4 34.Bf2  1-0

[Event "TCh-MNE Premier League"]
[Site "Cetinje MNE"]
[Date "2010.07.31"]
[Round "8"]
[White "Draganic,V"]
[Black "Kalezic,B"]
[Result "1/2-1/2"]
[WhiteElo "2263"]
[BlackElo "2447"]

1.e4 e6 2.d4 d5 3.Nc3 Nf6 4.e5 Nfd7 5.f4 c5 6.Nf3 Nc6 7.Be3 a6 8.Qd2 Be7
9.dxc5 Bxc5 10.O-O-O O-O 11.g3 b5 12.Nd4 Nxd4 13.Bxd4 b4 14.Na4 Bxd4 15.Qxd4 Qa5
16.b3 Bb7 17.Kb1 Rfc8 18.Bh3 g6 19.f5 exf5 20.g4 Re8 21.e6 Rxe6 22.gxf5 Re4
23.Qg1 Nf6 24.fxg6 fxg6 25.Nc5 Re7 26.Be6+ Kg7 27.Qd4 Qb6 28.Rhf1  1/2-1/2

[Event "19th Open"]
[Site "Kavala GRE"]
[Date "2010.07.31"]
[Round "2"]
[White "Alsina Leal,D"]
[Black "Markidis,K"]
[Result "1/2-1/2"]
[WhiteElo "2546"]
[BlackElo "2342"]

1.e4 e6 2.d4 d5 3.Nc3 Nf6 4.e5 Nfd7 5.f4 c5 6.Nf3 Nc6 7.Be3 Be7 8.dxc5 Nxc5
9.Be2 O-O 10.O-O b6 11.Bb5 Bb7 12.Bxc6 Bxc6 13.Nd4 Bb7 14.f5 f6 15.exf6 Bxf6
16.fxe6 Bxd4 17.Qxd4 Nxe6 18.Rxf8+ Qxf8 19.Qe5 Qf6 20.Qxf6 gxf6 21.Rd1 Rd8
22.Nb5 a6 23.Nd4 Nxd4 24.Bxd4 Rd6 25.Rd3 Rc6 26.c3 b5 27.Rf3 Kg7 28.Rf5 Rd6
29.Kf2 Bc8 30.Rf4 Re6 31.g4 Kg6 32.h4 h6 33.Kf3 Bd7 34.Kf2 Bc8 35.Rf5 Rd6
36.h5+ Kg7 37.Rf4 Re6 38.Kg3 Kf7 39.Kf3 Bd7 40.Rf5 Rd6 41.Rf4 Re6 42.b3 Bc8
43.Kf2 Bd7 44.Kf3 Bc8 45.Kg3 Bd7 46.Rf2 Bc8 47.a4 bxa4 48.bxa4 Bd7 49.a5 Bb5
50.Rf5 Rd6 51.Bc5 Rd8 52.Be3 Kg7 53.Bd4 Rd6 54.g5 hxg5 55.Rxg5+ Kh6 56.Rf5 Bd7
57.Be3+ Kg7 58.Rf4 Re6 59.Kf2 f5 60.Rd4 Bc6 61.Rd1 Re4 62.Rg1+ Rg4 63.Re1 Re4
64.Rb1 Bb5 65.Rg1+ Rg4 66.Rh1 Kh7 67.h6 Bd3 68.Rh5 Be4 69.Rg5 Rxg5 70.Bxg5 Bd3
71.Ke3 Bc4 72.Kf4 Kg6 73.Ke5 Bb3 74.Bf4 Bc4 75.Kd6  1/2-1/2

[Event "Tch-POR 1st Div Final"]
[Site "Vila Nova de Gaia POR"]
[Date "2010.08.01"]
[Round "9.3"]
[White "Talla,V"]
[Black "Pazos Porta,A"]
[Result "1/2-1/2"]
[WhiteElo "2476"]
[BlackElo "2262"]

1.e4 e6 2.d4 d5 3.Nc3 Nf6 4.e5 Nfd7 5.f4 c5 6.Nf3 Nc6 7.Be3 a6 8.Qd2 cxd4
9.Nxd4 Bc5 10.O-O-O O-O 11.Kb1 Nxd4 12.Bxd4 b5 13.Qe3 Qc7 14.Ne2 b4 15.Bxc5 Nxc5
16.Nd4 f6 17.Bd3 Bd7 18.Rhf1 a5 19.Rf3 a4 20.exf6 Rxf6 21.g3 Raf8 22.Rff1 Be8
23.Nf3 Bh5 24.Rde1 Bxf3 25.Qxf3 Rc8 26.Qe3 Nxd3 27.Qxd3 Qc4 28.Re5 h6 29.Rfe1 Kf7
30.Qxc4 Rxc4 31.b3 axb3 32.axb3 Rc6 33.h4 Rc3 34.R1e3 Rxe3 35.Rxe3 Ke7 36.h5 Rf5
37.Re5 Rxe5 38.fxe5 Kd7 39.Kc1 Kc6 40.Kd2 d4 41.Ke2 Kc5 42.Kd2 Kc6 43.Ke2 Kc5
44.Kd2  1/2-1/2

[Event "GM"]
[Site "Stara Pazova SRB"]
[Date "2010.08.05"]
[Round "6"]
[White "Mazur,S"]
[Black "Kosic,D"]
[Result "1-0"]
[WhiteElo "2419"]
[BlackElo "2512"]

1.e4 e6 2.d4 d5 3.Nc3 Nf6 4.e5 Nfd7 5.f4 c5 6.Nf3 Nc6 7.Ne2 b5 8.a3 b4 9.axb4 Nxb4
10.dxc5 Bxc5 11.Ned4 Bb7 12.c3 Nc6 13.Bb5 Nxd4 14.cxd4 Bb4+ 15.Bd2 Bxd2+
16.Qxd2 a6 17.Bd3 O-O 18.f5 exf5 19.Bxf5 Re8 20.O-O Nf8 21.Ng5 Re7 22.Ra3 Bc8
23.Bb1 Qb6 24.Raf3 Be6 25.Qf2 Raa7 26.Rg3 g6 27.h4 Rac7 28.h5 Rc4 29.Rd1 Qd8
30.b3 Rc6 31.Rf1 Rec7 32.Qf4 Qe7 33.Nf3 Rc3 34.Nh2 Rxg3 35.Qxg3 a5 36.Qf4 Rc3
37.Rf3 Rxf3 38.Nxf3 Nd7 39.Qc1 Nf8 40.h6 f6 41.exf6 Qxf6 42.Qc7 g5 43.Qe5 Qxe5
44.Nxe5 Bf7 45.Bf5 Bg6 46.g4 Bf7 47.Nf3 Be6 48.Nxg5 Bxf5 49.gxf5 Nd7 50.Kf2 Nf6
51.Kf3 Kf8 52.Kf4 Ke7 53.Ke5 Ng4+ 54.Kxd5 Nxh6 55.Ke4 Ng4 56.Nxh7 Nf2+ 57.Kd5 Nd1
58.f6+ Kf7 59.Ke5 Nf2 60.Kf5 Nd3 61.Ng5+ Kf8 62.Ne6+ Kf7 63.Nc5 Nb4 64.Nd7 Nd5
65.Ne5+ Kf8 66.Ke6 Nf4+ 67.Kd6 Ne2 68.Kc5 Nc3 69.f7 Ne4+ 70.Kb5 Nd2 71.Ka4 Ke7
72.d5  1-0

[Event "Troya Open"]
[Site "Canakkale TUR"]
[Date "2010.08.07"]
[Round "1"]
[White "Odeev,H"]
[Black "Ozusta,O"]
[Result "1-0"]
[WhiteElo "2410"]
[BlackElo "1742"]

1.e4 e6 2.d4 d5 3.Nc3 Nf6 4.e5 Nfd7 5.f4 a6 6.Nf3 c5 7.Be3 cxd4 8.Nxd4 Nc6
9.Qd2 Bc5 10.O-O-O Qa5 11.Nb3 Bxe3 12.Qxe3 Qb6 13.Qg3 O-O 14.Bd3 Nb4 15.Rhe1 Nc5
16.Nxc5 Qxc5 17.a3 Nxd3+ 18.Rxd3 b5 19.f5 exf5 20.Nxd5 f4 21.Qxf4 g6 22.Qh6  1-0

[Event "111th US Open"]
[Site "Irvine USA"]
[Date "2010.08.07"]
[Round "8"]
[White "Aaron,D"]
[Black "Sadorra,J"]
[Result "0-1"]
[WhiteElo "2144"]
[BlackElo "2473"]

1.e4 e6 2.d4 d5 3.Nc3 Nf6 4.e5 Nfd7 5.f4 c5 6.Nf3 Nc6 7.Be3 a6 8.Qd2 b5 9.dxc5 Bxc5
10.Bxc5 Nxc5 11.Qf2 Qb6 12.Bd3 b4 13.Ne2 a5 14.O-O Ba6 15.Rad1 Na4 16.Qxb6 Nxb6
17.f5 exf5 18.Ned4 Nxd4 19.Nxd4 g6 20.Bxa6 Rxa6 21.Nb5 Ke7 22.Nc7 Ra7 23.Nxd5+ Nxd5
24.Rxd5 Rc8 25.Rf2 Rd7 26.Rxa5 Rd1+ 27.Rf1 Rd2 28.Rc1 Rc4 29.c3 Rxb2 30.Ra7+ Ke6
31.Ra6+ Kxe5 32.Re1+ Kf4 33.Rf1+ Kg4 34.h3+ Kh4 35.Ra4 Rxc3 36.Rf2 Kg3  0-1

[Event "FSGM August"]
[Site "Budapest HUN"]
[Date "2010.08.09"]
[Round "3"]
[White "Kargin,A"]
[Black "Kosic,D"]
[Result "1/2-1/2"]
[WhiteElo "2396"]
[BlackElo "2488"]

1.e4 e6 2.d4 d5 3.Nc3 Nf6 4.e5 Nfd7 5.f4 c5 6.Nf3 Nc6 7.Be3 Be7 8.Qd2 O-O
9.dxc5 Bxc5 10.O-O-O Qa5 11.Bxc5 Nxc5 12.h4  1/2-1/2

[Event "e2e4 Autumn Challengers F"]
[Site "Uxbridge ENG"]
[Date "2010.08.12"]
[Round "2"]
[White "McKenna,Jas"]
[Black "Tozer,Philip"]
[Result "0-1"]
[WhiteElo "2109"]
[BlackElo "2113"]

1.e4 e6 2.d4 d5 3.Nc3 Nf6 4.e5 Nfd7 5.f4 c5 6.Nf3 Nc6 7.Be3 cxd4 8.Nxd4 Bc5
9.Qd2 O-O 10.O-O-O a6 11.h4 Nxd4 12.Bxd4 b5 13.Ne2 a5 14.Bxc5 Nxc5 15.Nd4 b4
16.h5 h6 17.g4 Ba6 18.Bg2 Qc7 19.Kb1 Rab8 20.f5 a4 21.g5 hxg5 22.Qxg5 f6
23.exf6 Rxf6 24.fxe6 b3 25.cxb3 axb3 26.axb3 Bd3+ 27.Rxd3 Nxd3 28.Rd1 Nb4
29.Bxd5 Qa5 30.Nf5 Qa2+ 31.Kc1 Qa1+ 32.Kd2 Qxb2+ 33.Ke1 Qe5+  0-1

[Event "SCCF State Championship"]
[Site "Los Angeles USA"]
[Date "2010.08.14"]
[Round "1"]
[White "Casella,M"]
[Black "Kavutskiy,K"]
[Result "0-1"]
[WhiteElo "2282"]
[BlackElo "2156"]

1.e4 e6 2.d4 d5 3.Nc3 Nf6 4.e5 Nfd7 5.f4 c5 6.Nf3 Nc6 7.Be3 a6 8.Qd2 b5 9.a3 Qb6
10.Ne2 c4 11.g4 h5 12.gxh5 Rxh5 13.Ng3 Rh8 14.Bg2 Be7 15.h4 Nf8 16.h5 Bd7
17.Ke2 O-O-O 18.c3 Na5 19.Qc2 Nb3 20.Raf1 a5 21.f5 f6 22.Bh3 Re8 23.h6 gxh6
24.Nh5 exf5 25.Ng7 Rd8 26.Nxf5 Re8 27.Ng7 Bxh3 28.Rxh3 Rd8 29.Nf5 Re8 30.Ng7 Rd8
31.Nf5 Re8 32.Rfh1 b4 33.axb4 axb4 34.Rxh6 Rg8 35.Kf2 Nd7 36.Nxe7+ Rxe7 37.exf6 Rxe3
38.Kxe3 Qe6+ 39.Kf2 Nxf6 40.Rxf6 Qxf6 41.Rh3 Qf4 42.Qe2 Qg4 43.Qf1 Nc1 44.Qxc1 Qg2+
45.Ke3 Qxh3 46.Qa1 Qh6+ 47.Kf2 Qc6 48.cxb4 Rf8 49.Qa7 Rf6 50.Qg7 Qd6 51.b5 Qh2+
52.Ke1 Qh1+ 53.Ng1 Qe4+ 54.Ne2 Qb1+ 55.Kd2 Qxb2+ 56.Ke1 Qb4+  0-1

[Event "FSGM August"]
[Site "Budapest HUN"]
[Date "2010.08.15"]
[Round "9"]
[White "Kislik,E"]
[Black "Kosic,D"]
[Result "1/2-1/2"]
[WhiteElo "2342"]
[BlackElo "2488"]

1.e4 e6 2.d4 d5 3.Nc3 Nf6 4.e5 Nfd7 5.f4 c5 6.Nf3 Nc6 7.Be3 Be7 8.Qd2 O-O
9.dxc5 Bxc5 10.O-O-O Qa5 11.a3 a6 12.Kb1 b5 13.Nd4 Qb6 14.h4 Bb7 15.Be2 Nxd4
16.Bxd4 Bc6 17.Rh3 Rfb8 18.Na2 a5 19.c3 Bxd4 20.Qxd4 Nc5 21.Re3 Qa7 22.g4 Qe7
23.g5 Nb3 24.Qd3 Rd8 25.Qc2 Qc5 26.Rh3 Qf2 27.Bd3 Qxc2+ 28.Bxc2 Nc5 29.h5 Ne4
30.Rd4 f6 31.gxf6 gxf6 32.exf6 Kf7 33.Nc1 Kxf6 34.Ne2 a4 35.h6 Rg8 36.Bxe4 dxe4
37.Ng3 Rad8 38.Nxe4+ Bxe4+ 39.Rxe4 Rg1+ 40.Kc2 Rg2+ 41.Kc1 Rg1+ 42.Kc2 Rg2+
43.Kc1  1/2-1/2

[Event "FSGM August"]
[Site "Budapest HUN"]
[Date "2010.08.17"]
[Round "11"]
[White "Feher,Ad"]
[Black "Kosic,D"]
[Result "1/2-1/2"]
[WhiteElo "2319"]
[BlackElo "2512"]

1.e4 e6 2.d4 d5 3.Nc3 Nf6 4.e5 Nfd7 5.f4 c5 6.Nf3 Nc6 7.Be3 Be7 8.Qd2 O-O
9.Be2 b6 10.O-O f6 11.dxc5 Nxc5 12.exf6 Bxf6 13.Nd4 Nxd4 14.Bxd4 Bb7 15.Rad1 Bxd4+
16.Qxd4 Qf6 17.Qxf6 Rxf6 18.g3 a5 19.Rfe1 h6 20.h4 Raf8 21.Rd4 Kh8 22.Bf1 g5
23.hxg5 hxg5 24.fxg5 Rf5 25.Rg4 e5 26.Bg2 d4 27.Ne4 Bxe4 28.Bxe4 Nxe4 29.Rgxe4 Rxg5
30.Kg2 Rc8  1/2-1/2

[Event "BDO Premier"]
[Site "Haarlem NED"]
[Date "2010.08.22"]
[Round "2"]
[White "Markgraf,Al"]
[Black "Reinderman,D"]
[Result "1-0"]
[WhiteElo "2456"]
[BlackElo "2587"]

1.e4 e6 2.d4 d5 3.Nc3 Nf6 4.e5 Nfd7 5.f4 c5 6.Nf3 Nc6 7.Be3 Qb6 8.Na4 Qa5+
9.c3 cxd4 10.b4 Qc7 11.Nxd4 Nxd4 12.Bxd4 Nb8 13.Bd3 Nc6 14.a3 Be7 15.O-O b6
16.Rc1 Bd7 17.Bf2 Rb8 18.Nb2 b5 19.Bb1 O-O 20.Nd3 f6 21.Nc5 Qc8 22.exf6 Rxf6
23.Qd3 g6 24.Bd4 Rf7 25.Rce1 Nxd4 26.cxd4 Rb6 27.Bc2 Bf6 28.Bd1 Re7 29.Bg4 Kf7
30.Qe3 Qd8 31.Kh1 Bc8 32.Bh3 Qh8 33.Rd1 a6 34.Rd2 Kg8 35.Rc1 Kf7 36.Nb3 Rd6
37.Rdc2 Bd7 38.Rc7 Qb8 39.Nd2 Qb6 40.Nf3 Be8 41.Rc8 Rc6 42.R1xc6 Bxc6 43.Ng5+ Bxg5
44.fxg5 Be8 45.Qe5 Kg8 46.Kg1 a5 47.bxa5 Qa6 48.Rc1 Bf7 49.Qb8+ Re8 50.Qc7 Ra8
51.Rf1 Rf8 52.Qe7 Qc8 53.a6 b4 54.a7 bxa3 55.Bxe6 Qxe6 56.Qxe6  1-0

[Event "BDO Challengers"]
[Site "Haarlem NED"]
[Date "2010.08.22"]
[Round "2"]
[White "Kuipers,S"]
[Black "Steadman,M"]
[Result "1-0"]
[WhiteElo "2354"]
[BlackElo "2277"]

1.e4 e6 2.d4 d5 3.Nc3 Nf6 4.e5 Nfd7 5.f4 c5 6.Nf3 Nc6 7.Be3 cxd4 8.Nxd4 Bc5
9.Qd2 O-O 10.O-O-O a6 11.Qf2 Qe7 12.Kb1 Nxd4 13.Bxd4 b5 14.Bd3 Bxd4 15.Qxd4 b4
16.Na4 Bb7 17.f5 exf5 18.Bxf5 Nxe5 19.Rhe1 f6 20.Nc5 Rfd8 21.Nd3 Re8 22.Nxb4 Rad8
23.c3 Qc7 24.Bc2 a5 25.Nd3 Ng6 26.Nc5 Rxe1 27.Rxe1 Bc8 28.g3 Ne5 29.Rf1 Nc6
30.Qd3 f5 31.Bb3 Qd6 32.Qe3 Kh8 33.Re1 h6 34.Nd3 Kh7 35.Qf4 Qxf4 36.Nxf4 d4
37.Ba4 Nb8 38.Rd1 g5 39.Ne2 d3 40.Nd4 Bb7 41.Bb5 Be4 42.Bxd3 Bxd3+ 43.Rxd3 Nc6
44.Kc2 Nxd4+ 45.Rxd4 Rf8 46.Kd2 Kg6 47.a4 f4 48.gxf4 gxf4 49.Ke2 Rb8 50.b4 Re8+
51.Kf3 Re3+ 52.Kxf4 Rxc3 53.b5 Rb3 54.Ke5 Rh3 55.b6 Rxh2 56.Rd5  1-0

[Event "9th Open"]
[Site "Istanbul TUR"]
[Date "2010.08.22"]
[Round "2"]
[White "Yuksel,A"]
[Black "Sumets,A"]
[Result "0-1"]
[WhiteElo "1975"]
[BlackElo "2618"]

1.e4 e6 2.d4 d5 3.Nc3 Nf6 4.e5 Nfd7 5.f4 c5 6.Nf3 Nc6 7.Be3 a6 8.Qd2 b5 9.dxc5 Bxc5
10.Bxc5 Nxc5 11.Qf2 Qb6 12.Bd3 b4 13.Ne2 a5 14.O-O Ba6 15.Rad1 Ne7 16.Nfd4 O-O
17.Kh1 Bxd3 18.cxd3 Rac8 19.Nb3 a4 20.Nxc5 Rxc5 21.Nd4 Rc7 22.Nf5 Qxf2 23.Nxe7+ Rxe7
24.Rxf2 Rc8 25.Kg1 Rec7 26.Kf1 Kf8 27.Ke2 Rc2+ 28.Rd2 Rc1 29.Ke3 Ke7 30.Kd4 Kd7
31.b3 axb3 32.axb3 R8c3 33.Rb2 Rd1 34.Rf3 g6 35.Re3 h5 36.Rf3 Ra1 37.g3 Ra3
38.h3 Rcxb3 39.Rxb3 Rxb3 40.g4 Rc3 41.f5 Rc7 42.fxe6+ fxe6 43.Rf7+ Kc8 44.Rf6 b3
45.Rf1 b2 46.Rb1 Rc2 47.Ke3 Kc7 48.Kf4 Kc6 49.Kg5 hxg4 50.hxg4 Rf2 51.Kxg6 Kc5
52.Kh5 Kd4 53.Kh4 Kc3 54.Kg3 Rf8  0-1

[Event "9th Open"]
[Site "Istanbul TUR"]
[Date "2010.08.23"]
[Round "4"]
[White "Marasli,T"]
[Black "Sumets,A"]
[Result "0-1"]
[WhiteElo "2185"]
[BlackElo "2618"]

1.e4 e6 2.d4 d5 3.Nc3 Nf6 4.e5 Nfd7 5.f4 c5 6.Nf3 Nc6 7.Be3 cxd4 8.Nxd4 Bc5
9.Qd2 O-O 10.Nb3 Bxe3 11.Qxe3 f6 12.Qh3 Nb6 13.Bd3 h6 14.exf6 Qxf6 15.O-O Bd7
16.Rae1 e5 17.Qh5 Be8 18.Qd1 exf4 19.Nxd5 Nxd5 20.Bc4 Rd8 21.Bxd5+ Kh8 22.c4 Bf7
23.Qd2 Bxd5 24.cxd5 Ne7 25.Qd4 Nxd5 26.Qxa7 Ne3 27.Rf2 Ng4 28.h3 Nxf2 29.Qxf2 f3
30.Qxf3 Qxf3 31.gxf3 Rxf3 32.Kg2 Rdd3 33.Re8+ Kh7 34.Nc5 Rg3+ 35.Kf2 Rdf3+
36.Ke2 Rxh3 37.Nxb7 Rf6 38.Nc5 Rh2+ 39.Kd3 Rxb2 40.a4 Rb4 41.Kc3 Rh4 42.Ne4 Rf3+
43.Kd4 Ra3 44.Ra8 Ra1 45.Kd3 Rd1+ 46.Kc2 Rd4 47.Nc3 Rc4 48.Kb3 Rb4+ 49.Kc2 Rh3
50.Rc8 Rxc3+  0-1

[Event "6th Open"]
[Site "Dieppe FRA"]
[Date "2010.08.24"]
[Round "3"]
[White "Tirard,H"]
[Black "O'Sullivan,Thomas"]
[Result "1-0"]
[WhiteElo "2443"]
[BlackElo "1781"]

1.e4 e6 2.d4 d5 3.Nc3 Nf6 4.e5 Nfd7 5.f4 c5 6.Nf3 Nc6 7.Be3 Be7 8.Be2 a6
9.O-O O-O 10.a3 b5 11.Qd2 Qb6 12.Rad1 Bb7 13.Kh1 Rad8 14.dxc5 Bxc5 15.Nd4 f6
16.exf6 Nxf6 17.Qd3 Nxd4 18.Bxd4 Ne4 19.Bxc5 Nxc5 20.Qd4 Nd7 21.Bg4 Rf6 22.Qxb6 Nxb6
23.Ne4 Rg6 24.Ng5 Bc8 25.Rfe1 Rd6 26.Bh5 Rh6 27.Nf7 Rxh5 28.Nxd6 Bd7 29.b3 Rh6
30.Rd3 Rf6 31.Rc3 Kf8 32.Rc7 Ke7 33.Rb7 Kxd6 34.Rxb6+ Kc5 35.Rxa6 Rxf4 36.Kg1 Bc6
37.Rxe6 Bd7 38.Re7 Bf5 39.c3 d4 40.Re5+  1-0

[Event "9th Open"]
[Site "Istanbul TUR"]
[Date "2010.08.25"]
[Round "6"]
[White "Bigaliev,R"]
[Black "Ghane,S"]
[Result "1-0"]
[WhiteElo "2412"]
[BlackElo "2368"]

1.e4 e6 2.d4 d5 3.Nc3 Nf6 4.e5 Nfd7 5.f4 c5 6.Nf3 Nc6 7.Be3 a6 8.Be2 b5 9.a3 Qb6
10.Qd2 cxd4 11.Nxd4 Bc5 12.Rd1 Bb7 13.Bf3 Nxd4 14.Bxd4 Bxd4 15.Qxd4 Rc8 16.Ne4 dxe4
17.Qxd7+ Kf8 18.Be2 g6 19.Rd6 Rc6 20.Qd8+ Qxd8 21.Rxd8+ Kg7 22.Rxh8 Kxh8
23.c3 Rc5 24.O-O Kg7 25.Rd1 Bd5 26.Kf2 f6 27.Ke3 f5 28.a4 bxa4 29.c4 Rxc4
30.Bxc4 Bxc4 31.Rd7+ Kg8 32.g4 fxg4 33.Kxe4 h5 34.Ke3 h4 35.Kf2 Bb3 36.Rc7 Bd5
37.Rc1 Kg7 38.Rc7+ Kh6 39.Rc5 Bb3 40.Rc6 Kg7 41.Ke3 Bd5 42.Rc3 g3 43.hxg3 hxg3
44.Kd4 g2 45.Rg3 Kf7 46.Kc5 Be4  1-0

[Event "46th Akiba Rubinstein Open A"]
[Site "Polanica Zdroj POL"]
[Date "2010.08.26"]
[Round "8"]
[White "Laszewicz,P"]
[Black "Kumor,L"]
[Result "1-0"]
[WhiteElo "2221"]
[BlackElo "2143"]

1.e4 e6 2.d4 d5 3.Nc3 Nf6 4.e5 Nfd7 5.f4 c5 6.Nf3 Nc6 7.Be3 a6 8.a3 cxd4
9.Nxd4 Bc5 10.Qd2 O-O 11.Be2 Qe7 12.O-O Nxd4 13.Bxd4 Bxd4+ 14.Qxd4 Nb8 15.Rae1 Nc6
16.Qf2 f6 17.exf6 Qxf6 18.Rd1 Bd7 19.Bg4 Be8 20.Qb6 Bg6 21.Qxb7 Ne7 22.Bxe6+ Qxe6
23.Rde1 Be4 24.Nxe4 dxe4 25.Rxe4 Qf6 26.Rxe7 Qd4+ 27.Kh1 Rac8 28.Qxa6 Qxb2
29.Qd6 Kh8 30.h3 Qxc2 31.Qe5 Qg6 32.f5 Qf6 33.Qxf6 Rxf6 34.Re3 Kg8 35.g4  1-0

[Event "46th Akiba Rubinstein Open A"]
[Site "Polanica Zdroj POL"]
[Date "2010.08.26"]
[Round "8"]
[White "Laszewicz,P"]
[Black "Kumor,L"]
[Result "1-0"]
[WhiteElo "2221"]
[BlackElo "2143"]

1.e4 e6 2.d4 d5 3.Nc3 Nf6 4.e5 Nfd7 5.f4 c5 6.Nf3 Nc6 7.Be3 a6 8.a3 cxd4
9.Nxd4 Bc5 10.Qd2 O-O 11.Be2 Qe7 12.O-O Nxd4 13.Bxd4 Bxd4+ 14.Qxd4 Nb8 15.Rae1 Nc6
16.Qf2 f6 17.exf6 Qxf6 18.Rd1 Bd7 19.Bg4 Be8 20.Qb6 Bg6 21.Qxb7 Ne7 22.Bxe6+ Qxe6
23.Rde1 Be4 24.Nxe4 dxe4 25.Rxe4 Qf6 26.Rxe7 Qd4+ 27.Kh1 Rac8 28.Qxa6 Rxc2  1-0

[Event "TCh-SRB 1st League"]
[Site "Vrnjacka Banja SRB"]
[Date "2010.08.26"]
[Round "6"]
[White "Sarenac,I"]
[Black "Maksimovic,Br"]
[Result "0-1"]
[WhiteElo "2341"]
[BlackElo "2415"]

1.e4 e6 2.d4 d5 3.Nc3 Nf6 4.e5 Nfd7 5.f4 c5 6.Nf3 Nc6 7.Ne2 Qb6 8.c3 f6 9.g3 cxd4
10.cxd4 Bb4+ 11.Nc3 O-O 12.a3 Be7 13.Bh3 Kh8 14.Na4 Qa6 15.Bf1 b5 16.Nc3 Qb6
17.Bxb5 Ba6 18.Qe2 Bxb5 19.Qxb5 Qc7 20.O-O Rab8 21.Qe2 fxe5 22.dxe5 Nc5 23.Kg2 Nb3
24.Rb1 Nca5 25.Be3 Nc4 26.Bd4 Rb7 27.Nd1 Qc6 28.Ne3 Rfb8 29.Nxc4 dxc4 30.Bc3 Qc5
31.Ne1 Rd7  0-1